Waley and Wong's Nursing Care of Infants and Children (Record no. 10773)

MARC details
000 -LEADER
fixed length control field 00442nam a22001577a 4500
008 - FIXED-LENGTH DATA ELEMENTS--GENERAL INFORMATION
fixed length control field 160707b xxu||||| |||| 00| 0 eng d
020 ## - INTERNATIONAL STANDARD BOOK NUMBER
International Standard Book Number 080167882X
040 ## - CATALOGING SOURCE
Original cataloging agency BSU
Transcribing agency BSU
082 ## - DEWEY DECIMAL CLASSIFICATION NUMBER
Edition number 5th ed
Classification number 610.73 WON
100 ## - MAIN ENTRY--PERSONAL NAME
Personal name Wong. L.Donna
9 (RLIN) 21090
245 ## - TITLE STATEMENT
Title Waley and Wong's Nursing Care of Infants and Children
260 ## - PUBLICATION, DISTRIBUTION, ETC. (IMPRINT)
Place of publication, distribution, etc St.Louis
Name of publisher, distributor, etc Mosby
Date of publication, distribution, etc 1995
300 ## - PHYSICAL DESCRIPTION
Extent XXXvii, 2008 P
Other physical details 676 ill
Dimensions 29cm
650 ## - SUBJECT ADDED ENTRY--TOPICAL TERM
Topical term or geographic name as entry element Midwifery
9 (RLIN) 5712
942 ## - ADDED ENTRY ELEMENTS (KOHA)
Source of classification or shelving scheme Dewey Decimal Classification
Item type Books
Holdings
Withdrawn status Lost status Source of classification or shelving scheme Damaged status Not for loan Home library Current library Shelving location Date acquired Source of acquisition Inventory number Full call number Barcode Date last seen Copy number Price effective from Koha item type
    Dewey Decimal Classification     Main Library Faculty of Nursing & Health Sciences Library   07/07/2016 Purchase 20402 610.73 WON bsuruharo24082006 07/07/2016 001 07/07/2016 Books

© 2017 Bishop Stuart University Library. All Rights Reserved.
Kakoba Campus, Plot 150 Buremba Road | P.O. Box 9, Mbarara, UGANDA | Tel: +256-772-463068
Email: library@bsu.ac.ug